Project management

Bibliographic Details
Main Author: Lock, Dennis
Format: Book
Published: Worcester : GowerPress , 1984
Subjects:

MARC

LEADER 00000cam a2200000 7i4500
001 0000000437
005 20021112.0
040 |a INS 
090 0 0 |a HD69.   |b P75 1984 
100 1 |a Lock, Dennis 
245 1 0 |a Project management   |c Dennis Lock 
260 |a Worcester :   |b GowerPress ,   |c 1984 
300 |a xiv, 290p. :   |b ill. ;   |c 22 cm. 
650 0 0 |a Industrial project management 
999 |a 0000000260   |b BOOK   |c Open Shelf   |e Default branch